000
00299nam a2200121 4500
082
_a
005 .8 CIS
245
_a
CISCO 2600 SERIES HARDWARE INSTALLATOING GUIDE
260
_a
LONDON
_b
PEARSON
_c
2000
300
_a
xviii,318p.
_b
ill,;21cm
500
_a
include index
650
_a
GUIDE
942
_c
BK
999
_c
14531
_d
14531